Kanye song from lyrics - Statistics

General Stats
  • This quiz has been taken 592 times
  • The average score is 8 of 14
Answer Stats
Hint Answer % Correct
"See I invented Kanye, it wasn't any KanyesAnd now I look and look around and there's so many Kanyes I used to love Kanye, I used to love Kanye I even had the pink polo, I thought I was Kanye" I love Kanye
83%
"and nothing hurts anymore, I feel kinda free, we're still the kids we used to be" Ghost town
78%
"I drink a Boost for breakfast, an Ensure for dessertSomebody ordered pancakes I just sip the sizzurp That right there could drive a sane man berserk Not to worry, Mr. H-to-the-Izzo's back to wizzerk" Through the wire
74%
"Drug dealin' just to get byStack your money 'til it get sky high. We wasn't s'posed to make it past twenty-five Joke's on you, we still alive" We don't care
74%
"I hit the Jamaican spot, at the bar, take a seat,I ordered the jerk, she said you are what you eat" Devil in a new dress
71%
"Mama said, "Life is like a box of chocolates"My mama told me, “Go to school, get your doctorate Something to fall back on, you could profit with” But still supported me when I did the opposite" Hey mama
68%
"Lifelike, this is what your life like, try to live your life rightPeople really know you, push your buttons like type write" Follow God
58%
"Hey, baby, you forgot your Ray BansAnd my sheets still orange from your spray-tan" No More Parties in LA
56%
"Penitentiary chances, the devil dancesAnd eventually answers, to the call of Autumn All of them fallin' for the love of ballin' Got caught with 30 rocks, the cop look like Alec Baldwin" Gorgeous
54%
"Damn Yeezy and HovWhere the hell ya been? Niggas talkin' real reckless, stuntmen I adopted these niggas, Phillip Drummond 'em Now I'm 'bout to make them tuck they whole summer in" Otis
43%
"Yeah, you supermodel thickDamn, that ass bustin' out the bottom I'ma lose my mind in it, crazy that medulla oblongata Get to rubbin' on my lamp Get the genie out the bottle" All Mine
39%
"People askin' me is I'm gon' give my chain backThat'll be the same day I give the game back You know the next question, dawg, "Yo, where Dame at?" This track the Indian dance that bring our rain back" Diamonds from Sierra Leone
32%
"I was lost and beat up, turned out burned up you found me through a heart ache, didn't know me, you were drawn in I was lost and beat up I was warm flesh, on caesar you found me in your gaze, well I found me, oh Jesus" Wolves
28%
"black girl sippin' white wine, put my fist in her like a civil rights sign" Im in it
23%
No matching quizzes found
Score Distribution
Percent of People with Each Score
Percentile by Number Answered
Your Score History
You have not taken this quiz